000 00288nam a2200121 i 4500
001 bg
245 0 _aVycislitelnaja technika i voprosy kibernetiki.
_nVyp. 6.
260 _aLeningrad,
_c1971.
040 _cBPK
041 _apol
942 _cKS
008 s pl f |000 0 pol
999 _c14333
_d14333
856 _uhttp://koha.tu.koszalin.pl/cgi-bin/koha/opac-detail.pl?biblionumber=14333
_yKatalog online BPK